Purchasing in Industrial Sector (Record no. 2104)

MARC details
000 -LEADER
fixed length control field 00418nam a22001697a 4500
005 - DATE AND TIME OF LATEST TRANSACTION
control field 20160530103145.0
008 - FIXED-LENGTH DATA ELEMENTS--GENERAL INFORMATION
fixed length control field 160530b xxu||||| |||| 00| 0 eng d
020 ## - INTERNATIONAL STANDARD BOOK NUMBER
ISBN 81-259-1206-1
041 ## - LANGUAGE CODE
Language code of text/sound track or separate title eng
082 ## - DEWEY DECIMAL CLASSIFICATION NUMBER
Item number 5955
100 ## - MAIN ENTRY--AUTHOR NAME
Personal name Saxena J.P.
245 ## - TITLE STATEMENT
Title Purchasing in Industrial Sector
260 ## - PUBLICATION, DISTRIBUTION, ETC. (IMPRINT)
Place of publication New Delhi
Name of publisher Vikas Publishing House (P) Ltd.
300 ## - PHYSICAL DESCRIPTION
Number of Pages 310
650 ## - SUBJECT ADDED ENTRY--TOPICAL TERM
Topical Term Management
942 ## - ADDED ENTRY ELEMENTS (KOHA)
Koha item type Books
Holdings
Lost status Damaged status Collection code Home library Current library Shelving location Date acquired Cost, normal purchase price Full call number Accession Number Koha item type
    MANAGEMENT JRU Library JRU Library SHELF- 68 N 30/05/2016 300.00 658.72 5955 Books